000 00805cad a22001815a 4500
001 L153158
008 110616e20110614xxk 000 0 eng d
035 _a(Sirsi) u153158
041 0 _aeng
245 0 0 _aModest activity for mortgage market in April
_h[electronic resource]
490 _aCML Press Release
_v14 June 2011
520 _aLoans for house price purchase increased in April 2011. Predicts a lull in house price completions during the rest of 2011 based on Bank of England data showing a fall in house purchase approvals in April 2011
590 _aKA
651 4 _aENGLAND AND WALES
690 _aPROPERTY-RESIDENTIAL PROPERTY-RESIDENTIAL PROPERTY MARKET
856 4 0 _uhttps://live.cml.netxtra.net/cml/media/press/2938
_zView this item free of charge at live.cml.netxtra.net
942 _n0
999 _c83208
_d83208